00460nam a22001817a 4500003000400000020001800004082001600022100001700038245003600055260003300091300001600124546001200140650002200152650003600174650003000210650001800240650002000258OSt a9789384568290 a630bGOP/AD aGopal Sharma aAdvances in plant biotechnology aJaipurbAgrotech Pressc2015 aviii, 272p. aEnglish aTransgenic Plants aNutritional value of food crops aClimate change Mitigation aHalotolerance aPlant Pathology